00587nam a22001817a 450000500170000001000150001702000270003203500140005903700130007308200150008624501250010126000400022627000440026630000250031050000190033570000240035470000270037820161128160329.0 aENG-116683 a9788184845365c1080.00 aEN-100215 bDBAD/PUB a338.160954 aAgricultural growth and changing patterns :cedited by Syed Kajim Sabbir [and] Md Tariqbregional issues and problems / aNew DelhibRegal Publicationsc2016 aF-159 Rajouri GardenbNew Delhie110027 avii,235p. c23cm(Hb) aIncludes index aSatyendra Prajapati aSatendra Narayan Singh